Statistics for Nicknames of National Football Teams

Click here to take the quiz!

General Stats

  • This quiz has been taken 29 times
  • The average score is 29 of 44

Answer Stats

ConfederationNicknameNational Team% Correct
AFC (Asia)Princes of PersiaIran
100%
AFC (Asia)Blue SamuraisJapan
96%
CAF (Africa)The PharaohsEgypt
92%
AFC (Asia)Al Akhdar (The Greens)Saudi Arabia
92%
AFC (Asia)Lions of MesopotamiaIraq
88%
AFC (Asia)SocceroosAustralia
84%
UEFA (Europe)The Danish DynamiteDenmark
84%
UEFA (Europe)The Three LionsEngland
84%
UEFA (Europe)Les BleusFrance
84%
UEFA (Europe)Die MannschaftGermany
84%
UEFA (Europe)OranjeNetherlands
84%
UEFA (Europe)Vatreni / The Chequered OnesCroatia
80%
UEFA (Europe)AzzurriItaly
80%
UEFA (Europe)Selecção das QuinasPortugal
80%
UEFA (Europe)La Furia RojaSpain
80%
CONCACAF (North, Central America and Caribbean)Stars & StripesUSA
80%
CONMEBOL (South America)La AlbicelesteArgentina
76%
CONMEBOL (South America)SeleçãoBrazil
76%
OFC (Oceania)All WhitesNew Zealand
76%
CONMEBOL (South America)La RojaChile
72%
CONCACAF (North, Central America and Caribbean)El TriMexico
68%
CONMEBOL (South America)La AlbirrojaParaguay
68%
CAF (Africa)Bafana BafanaSouth Africa
68%
CONMEBOL (South America)La CelesteUruguay
68%
UEFA (Europe)The Red DevilsBelgium
64%
UEFA (Europe)The DragonsWales
64%
CONMEBOL (South America)La VerdeBolivia
60%
CAF (Africa)The Black StarsGhana
60%
CAF (Africa)The ElephantsIvory Coast
60%
CAF (Africa)The Super EaglesNigeria
60%
UEFA (Europe)Bialo-Czerwoni (White-Reds)Poland
60%
AFC (Asia)Red DevilsSouth Korea
60%
CAF (Africa)The Indomitable LionsCameroon
56%
CONMEBOL (South America)La BlanquirrojaPeru
56%
UEFA (Europe)Blågult (The Blue-Gold)Sweden
56%
CAF (Africa)The Eagles of CarthageTunisia
56%
CAF (Africa)The Atlas LionsMorocco
52%
CAF (Africa)The Fennec FoxesAlgeria
44%
CONCACAF (North, Central America and Caribbean)Soca WarriorsTrinidad and Tobago
36%
CAF (Africa)The Lions of TerangaSenegal
28%
CAF (Africa)The StallionsBurkina Faso
24%
CAF (Africa)The SparrowhawksTogo
20%
CAF (Africa)The Sable AntelopesAngola
16%
CAF (Africa)The EaglesMali
16%

Score Distribution

Percentile by Number Answered

Percent of People with Each Score

Your Score History

You have not taken this quiz